<?xml version="1.0" encoding="UTF-8"?>
<collection xmlns="http://www.loc.gov/MARC21/slim">
 <record>
  <leader>     na                 </leader>
  <controlfield tag="001">INLIS000000000009516</controlfield>
  <controlfield tag="005">20221031111200</controlfield>
  <datafield tag="035" ind1=" " ind2=" ">
   <subfield code="a">0010-0520009516</subfield>
  </datafield>
  <controlfield tag="008">221031                |          | ind  </controlfield>
  <datafield tag="020" ind1=" " ind2=" ">
   <subfield code="a">9786021642740</subfield>
  </datafield>
  <datafield tag="041" ind1=" " ind2=" ">
   <subfield code="a">ind</subfield>
  </datafield>
  <datafield tag="082" ind1=" " ind2=" ">
   <subfield code="a">340.59</subfield>
  </datafield>
  <datafield tag="084" ind1=" " ind2=" ">
   <subfield code="a">340.59 WAR h</subfield>
  </datafield>
  <datafield tag="100" ind1="0" ind2=" ">
   <subfield code="a">Warkum Sumitro</subfield>
  </datafield>
  <datafield tag="245" ind1="1" ind2=" ">
   <subfield code="a">Hukum islam di tengah dinamika sosial politik di Indonesia /</subfield>
   <subfield code="c">Warkum Sumitro</subfield>
  </datafield>
  <datafield tag="260" ind1=" " ind2=" ">
   <subfield code="a">Malang :</subfield>
   <subfield code="b">Setara Press,</subfield>
   <subfield code="c">2016</subfield>
  </datafield>
  <datafield tag="300" ind1=" " ind2=" ">
   <subfield code="a">xviii, 220 hlm.; 23 cm ;</subfield>
   <subfield code="c">23 cm</subfield>
  </datafield>
  <datafield tag="520" ind1=" " ind2=" ">
   <subfield code="a">Titik geneologi perkembangan hukum Islam di tengah dinamika sosial dan politik di Indonesia dapat dilacak ketika era kesultanan dan kerajaan Islam berkuasa di bumi nusantara ini. Hukum Islam pada era kerajaan Islam telah menjadi hukum yang hidup bagi masyarakat Indonesia. Bahkan dalam perkembangannya, hukum Islam telah bertransformasi sebagai hukum adat dan telah mengakar dalam sistem perilaku keseharian masyarakat muslim Indonesia. Buku ini bukan sekedar buku pengantar untuk memahami hukum Islam, melainkan mengkaji bagaimana dinamika sosial politik yang ada berpengaruh terhadap proses asimilasi hukum Islam di Indonesia sejak awal masuknya di Nusantara samapai pada perwujudannya, baik dalam bentuk regulasi dan implementasinya, pada saat ini. Buku ini wajib dibaca oleh siapapun yang selama ini menggeluti diskursus hukum Islam sebagai pengejawantahan ajaran Islam rahmatan lil alamin di Indonesia.</subfield>
  </datafield>
  <datafield tag="650" ind1=" " ind2="4">
   <subfield code="a">Hukum Islam</subfield>
  </datafield>
  <datafield tag="990" ind1=" " ind2=" ">
   <subfield code="a">25411/MKRI-P/II2017</subfield>
  </datafield>
  <datafield tag="990" ind1=" " ind2=" ">
   <subfield code="a">25410/MKRI-P/II2017</subfield>
  </datafield>
  <datafield tag="990" ind1=" " ind2=" ">
   <subfield code="a">25409/MKRI-P/II2017</subfield>
  </datafield>
  <datafield tag="990" ind1=" " ind2=" ">
   <subfield code="a">25412/MKRI-P/II2017</subfield>
  </datafield>
  <datafield tag="990" ind1=" " ind2=" ">
   <subfield code="a">25410/MKRI-P/II2017</subfield>
  </datafield>
  <datafield tag="990" ind1=" " ind2=" ">
   <subfield code="a">25411/MKRI-P/II2017</subfield>
  </datafield>
  <datafield tag="990" ind1=" " ind2=" ">
   <subfield code="a">25409/MKRI-P/II2017</subfield>
  </datafield>
  <datafield tag="990" ind1=" " ind2=" ">
   <subfield code="a">25412/MKRI-P/II2017</subfield>
  </datafield>
  <datafield tag="990" ind1=" " ind2=" ">
   <subfield code="a">25409/MKRI-P/II2017</subfield>
  </datafield>
  <datafield tag="990" ind1=" " ind2=" ">
   <subfield code="a">25411/MKRI-P/II2017</subfield>
  </datafield>
  <datafield tag="990" ind1=" " ind2=" ">
   <subfield code="a">25410/MKRI-P/II2017</subfield>
  </datafield>
  <datafield tag="990" ind1=" " ind2=" ">
   <subfield code="a">25412/MKRI-P/II2017</subfield>
  </datafield>
  <datafield tag="990" ind1=" " ind2=" ">
   <subfield code="a">25411/MKRI-P/II2017</subfield>
  </datafield>
  <datafield tag="990" ind1=" " ind2=" ">
   <subfield code="a">25410/MKRI-P/II2017</subfield>
  </datafield>
  <datafield tag="990" ind1=" " ind2=" ">
   <subfield code="a">25409/MKRI-P/II2017</subfield>
  </datafield>
  <datafield tag="990" ind1=" " ind2=" ">
   <subfield code="a">25412/MKRI-P/II2017</subfield>
  </datafield>
 </record>
</collection>
